| 000 | 00524nam a2200181Ia 4500 | ||
|---|---|---|---|
| 003 | GCL | ||
| 008 | 140319s9999 xx 000 0 eng d | ||
| 040 |
_aGCL / _cGCL |
||
| 082 | 0 | 4 |
_a658.4 _bA I |
| 100 | 1 | _aALTER, STEVEN | |
| 245 | 1 | 0 |
_aINFORMATION SYSTEMS : A MANAGEMENT PERSPECTIVE / _cALTER, STEVEN |
| 260 |
_a[S.N] : _bTHE BENJAMIN\ CUMMINGS PUBLISHING COMPAN ، _c1996 |
||
| 300 | _a728 P | ||
| 650 | 0 | 4 | _aINFORMATION SYSTEMS |
| 650 | 0 | 4 | _aMANAGEMENT |
| 650 | 0 | 4 | _aMANAGEMENT - INFORMATION SYSTEM |
| 942 |
_2ddc _cBK |
||
| 999 |
_c12951 _d12951 |
||